00388cam a22000977a 4500008004000000082002100040245011000061260003800171300001100209700007000220180718b1989 xxu||||| |||| 00| 0 eng d aT204x54 In2/12/1 aReport on computer and peripheralscby Ministry of Industry, Bureau of Industrial Costs and Prices, India aNew DelhibLok Nayak Bhavanc1989 a152+p. aIndia.Bureau of Industrial Costs and Prices. Ministry of Industry